000 00582nam a22001817a 4500
999 _c176928
_d176928
005 20210202172451.0
010 _aENG-128927
020 _c599.00
_a978-93-86720-34-4
035 _aEN-112459
037 _bDBAD/PUB
082 _a485
245 _aGeneral English/
_bEdited by Arpit Bajpai
260 _aGhaziabad
_bRathore Publishers & Distributors
_c2019
270 _bGhaziabad
_e201010
_aBasement, 260, Shaktikand-III, Indirapuram
_mrathorepublishrs@gmail.com
300 _a266p.
_c25cm(hbk)
700 _aBajpail, Arpit, Ed.
942 _2ddc
_cEN
_h485
_mGEN